| 000 | 01162cam a2200289 4500 | ||
|---|---|---|---|
| 001 | J93044 | ||
| 008 | 090401t1998 xxu||||| |||| 00| 0 eng d | ||
| 020 | _a0854063609 | ||
| 035 | _a(Sirsi) u87593 | ||
| 041 | 0 | _aeng | |
| 050 | 0 | 4 | _a692.3 $2 18 |
| 110 | 2 |
_aStanding Joint Committee for the Standard Measurement of Building Works _93653 |
|
| 245 | 0 | 0 |
_aSMM7 _bstandard method of measurement of building works. |
| 250 | _a7th rev. ed. | ||
| 260 |
_aLondon _bRICS _bConstruction Confederation _c1998 |
||
| 300 |
_a190p. _c30cm. |
||
| 350 | _a22.50 | ||
| 520 | _aAuthorised by agreement between the Royal Institution of Chartered Surveyors and the Construction Confederation. | ||
| 520 | _aSupersedes seventh edition (ISBN 0854063609). | ||
| 650 | 2 | 4 | _aCO-ORDINATED PROJECT INFORMATION |
| 650 | 2 | 4 | _aSTANDARD METHOD OF MEASUREMENT (SEVENTH EDITION) |
| 651 | 4 | _aInternational | |
| 690 | _aBUILT ENVIRONMENT-QUANTITY SURVEYING-STANDARD METHOD OF MEASUREMENT | ||
| 856 |
_uhttps://www.isurv.com/downloads/file/4889/archive_smm7_7th_edition_1998%E2%80%93march_2012 _zArchived on isurv (subscription required) |
||
| 942 |
_n0 _2ddc |
||
| 948 | _c23/07/1998 | ||
| 999 |
_c97253 _d97253 |
||